Slovník bankovních a finančních služeb

Gespeichert in:
Bibliographische Detailangaben
1. Verfasser: Rosenberg, Jerry M.
Weitere Verfasser: Elman, Jiří, Koudelka, Václav
Format: Buch
Sprache:Tschechisch
Veröffentlicht: Praha Victoria Publ. 1992
Ausgabe:1. vyd.
Schlagworte:
Tags: Tag hinzufügen
Keine Tags, Fügen Sie das erste Tag hinzu!

MARC

LEADER 00000nam a2200000 4500
001 c001163
005 20221214091910.7
020 |a 80-85605-01-5 
041 0 |a cze 
044 |a CZ 
245 1 0 |a Slovník bankovních a finančních služeb  |c Jerry M. Rosenberg ; [Z angl. prel.] Jiří Elman, Václav Koudelka 
250 |a 1. vyd. 
264 1 |a Praha  |b Victoria Publ.  |c 1992 
300 |a 221 s. 
610 2 0 |a bankovníctvo 
610 2 0 |a financie 
610 2 0 |a angličtina 
610 2 0 |a terminológia 
100 1 |a Rosenberg, Jerry M. 
700 1 |a Elman, Jiří 
700 1 |a Koudelka, Václav